00372nam a2200133Ia 45000010005000000080041000050200022000460820017000681000040000852450053001252600017001789010028001959990015002232362241024s9999 xx 000 0 und d a978-9945-486-03-2 aRD/384/M663a aLilia Minaya, Patricia, Fernández 0aAcceso a la información. Consolidar el Derecho bCONAREc2012 a14/8/2012 10:25:02 a.m. c8254d8254